Risiko Regionen Quiz - Statistiken

Allgemein
  • Dieses Quiz wurde 64 mal gespielt
  • Das Durchschnittsergebnis liegt bei 22 aus 42
Antwortstatistiken
Gruppe Region % Korrekt
Europa Russland
91%
Europa Nordeuropa
79%
Südamerika Brasilien
77%
Asien China
75%
Asien Japan
75%
Europa Südeuropa
75%
Südamerika Argentinien
70%
Afrika Südafrika
68%
Europa Westeuropa
68%
Asien Indien
66%
Afrika Ägypten
64%
Südamerika Peru
62%
Europa Großbritannien
60%
Europa Island
58%
Europa Skandinavien
58%
Australien Westaustralien
58%
Afrika Madagaskar
57%
Asien Sibirien
57%
Afrika Nordafrika
55%
Afrika Ostafrika
55%
Australien Ostaustralien
55%
Südamerika Venezuela
55%
Nordamerika Alaska
53%
Nordamerika Mittelamerika
53%
Asien Afghanistan
51%
Australien Indonesien
51%
Asien Südostasien
51%
Afrika Zentralafrika
51%
Asien Mongolei
49%
Nordamerika Grönland
45%
Asien Kamtschatka
43%
Australien Neuguinea
40%
Nordamerika Ostkanada
38%
Nordamerika Ontario
36%
Asien Irkutsk
34%
Asien Ural
34%
Nordamerika Weststaaten
34%
Nordamerika Oststaaten
30%
Asien Mittlerer Osten
28%
Nordamerika Alberta
25%
Asien Jakutien
19%
Nordamerika Nordwest-Territorien
15%
Keine übereinstimmenden Quizze gefunden
Verteilung der Resultate
Anzahl Personen mit jedem Resultat
Perzentil nach korrekt beantworteten Fragen
Ihre Resultats-Entwicklung
Sie haben dieses Quiz noch nicht gespielt